| 000 | 00421nam a2200205Ia 4500 | ||
|---|---|---|---|
| 001 | 000698 | ||
| 003 | YMCAF | ||
| 005 | 20230512160031.0 | ||
| 008 | 100717s1971 ||||||||||||||||| ||und|d | ||
| 024 | _a698 | ||
| 035 | _a681 | ||
| 040 |
_aYMCAF _beng _cIN-KoLT |
||
| 041 | _aeng | ||
| 082 | _aMOD-JOH | ||
| 100 | _aJOHN W.J. | ||
| 245 | 0 | _aMODERN ELECTRICAL ENGG. | |
| 260 | _c1971 | ||
| 300 | _a389 | ||
| 942 |
_2ddc _cBK |
||
| 999 |
_c566 _d566 |
||